Jetstar Routes - Statistics

General Stats
  • This quiz has been taken 33 times
  • The average score is 27 of 41
Answers on the Map
Answers color-coded by a green-red scale on the quiz's map according to % correct below.
 
Answer Stats
Airport % Correct
Melbourne
96%
Seoul
96%
Singapore
96%
Tokyo
96%
Auckland
92%
Canberra
92%
Darwin
92%
Denpasar
92%
Wellington
92%
Adelaide
88%
Osaka
88%
Perth
88%
Sydney
88%
Bangkok
85%
Gold Coast
85%
Brisbane
81%
Hobart
81%
Cairns
77%
Christchurch
73%
Newcastle
73%
Ho Chi Minh City
69%
Sunshine Coast
69%
Honolulu
65%
Launceston
65%
Phuket
65%
Queenstown
65%
Townsville
62%
Ayers Rock
58%
Hamilton
58%
Nadi
50%
Broome
46%
Avalon
42%
Ballina
38%
Dunedin
38%
Mackay
38%
Port Vila
38%
Busselton
35%
Hervey Bay
27%
Hamilton Island
23%
Rarotonga
19%
Proserpine
12%
No matching quizzes found
Score Distribution
Percent of People with Each Score
Percentile by Number Answered
Your Score History
You have not taken this quiz